000 00490nam a2200181Ia 4500
008 131103s9999 xx 000 0 und d
040 _aLoreto College
041 _aEnglish
082 _a822.33(ID)/LEA/LOW
_bLCLIB(Press)/24485
100 _aLowers, James K
245 _aKing Lear Notes
_cJames K.Lowers
260 _aLondon
_bColes
_c[19?]
300 _a92p
_c 19cm
650 _aShakespeare, William
651 _aEnglish drama
850 _aLCLIB/822.33(ID)/LEA/LOW
942 _cBK
999 _c24685
_d75164